| 000 | 02260nam a22003137a 4500 | ||
|---|---|---|---|
| 001 | 1690 | ||
| 003 | FISKH | ||
| 005 | 20230915125744.0 | ||
| 008 | 230915b cb ||||| |||| 00| 0 khr d | ||
| 020 | _a9789924340300 | ||
| 040 |
_aFISKH _beng _cFISKH _dFISKH |
||
| 082 | _a973.7 | ||
| 100 | _aChan | ||
| 245 |
_aការចាកចេញជាថ្មី / _cនិពន្ធ និងគូររូបដោយ ច័ន - បកប្រែពីភាសាបារាំងដោយ បេ ពុច |
||
| 250 | _aបោះពុម្ពលើកទី ២ ខែឧសភា ឆ្នាំ ២០២០ | ||
| 260 |
_aPhnom Penh : _bSipar, _c2020. |
||
| 300 |
_a119 pages : _bcolor illustrations ; _c26 cm |
||
| 490 |
_a ឆ្នាំថោះ _v៣ |
||
| 505 | _aZ' | ||
| 520 | _aប្រលោមលោកក្រាហ្វិកដែលពិពណ៌នាអំពីព្រឹត្តិការណ៍នៅក្នុង១៩៧៨… ក្នុងរបបខ្មែរក្រហម អ្នកដែលស្លាប់ត្រូវស្តីបន្ទោសថាជាជនក្បត់ជាតិ។ ក្នុងពេលជាមួយគ្នានោះ មានទាហានវៀតណាមចូល និងធ្វើសកម្មភាព… ដូចជាសមាជិកមួយចំនួនក្នុងគ្រួសារបាត់ទៅហើយ គីមកំពុងព្យាយាមយ៉ាងខ្លាំងដើម្បីគេចចេញពីសុបិន្តអាក្រក់នេះ។ | ||
| 520 | _aA graphic novel depicting events in 1978. In the regime of the Khmer Rouge, the one who dies is blamed as the traitor. At the same time, there were military Vietnamese entering and taking action. As if some of the members in the family are gone, Kim was trying very hard to escape from this nightmare. | ||
| 521 | 8 |
_a920
_bLexile estimate |
|
| 521 | 8 |
_aZ'
_bRaz-Plus |
|
| 650 |
_aជនក្បត់ _vរត់គេច _xសុបិន្តអាក្រក់ |
||
| 650 |
_aTraitor _vEscape _xBad dream |
||
| 700 |
_aPuch, Bae _eTranslator |
||
| 700 |
_aChan _eillustrator |
||
| 942 |
_2ddc _cKHB _n0 |
||
| 999 |
_c1690 _d1690 |
||